LEADER 01711nam0 22004213i 450 001 LO10362552 005 20231121125518.0 010 $a881158308X 100 $a20190410d1993 ||||0itac50 ba 101 | $agre$aita 102 $ait 181 1$6z01$ai $bxxxe 182 1$6z01$an 200 1 $aInni$aChioma di Berenice$fCallimaco$gintroduzione, traduzione e note di Valeria Gigante Lanzara 205 $a3. ed 210 $a[Milano]$cGarzanti$d1993 215 $aLXXIX, 133 p.$d18 cm 225 | $a˜I œgrandi libri Garzanti$v308 300 $aTesto orig. a fronte. 410 0$1001CFI0000048$12001 $a˜I œgrandi libri Garzanti$v308 423 0$12001 $aChioma di Berenice. -$1700 0$aCallimachus$3CFIV034755$4070 500 10$aHymni$3BVEE010773$9CFIV034755$919986 606 $aCallimaco . La *Chioma di Berenice$xTraduzioni italiane$2FIR$3RMLC445116$9E 606 $aCallimaco . Inni$xTraduzioni italiane$2FIR$3RMLC445117$9E 676 $a881.01$9Poesia greca classica. Periodo antico, fino al 499 ca.$v22 700 0$aCallimachus$3CFIV034755$4070$0161836 702 1$aGigante Lanzara$b, Valeria$3CFIV038453 790 0$aCallimaco$3CFIV034757$zCallimachus 790 1$aLanzara Gigante$b, Valeria$3SBNV089928$zGigante Lanzara, Valeria 790 1$aLanzara$b, Valeria$3SBNV089929$zGigante Lanzara, Valeria 801 3$aIT$bIT-01$c20190410 850 $aIT-FR0017 899 $aBiblioteca umanistica Giorgio Aprea$bFR0017 $eN 912 $aLO10362552 950 0$aBiblioteca umanistica Giorgio Aprea$d 52MAG 7/1671$e 52FLS0000158715 VMB RS $fA $h20190410$i20190410 977 $a 52 996 $aHymni$919986 997 $aUNICAS